00564 2200169 4500245008900000020001800089250001000107100003500117650002900152005001900181260003000200041001400230084001100244500010400255490002600359336000900385 aEnsiklopedia Al-Quran (Bersama Allah) Volume 1cMUHAMMAD KAMIL HASAN AL-MAHAMIhText a979-99479-0-1 aCet.1 aMUHAMMAD KAMIL HASAN AL-MAHAMI aEnsiklopedia Agama Islam a20231124140830 aJakartabPT Kharisma Ilmu aIndonesia a297.03 aDaftar isi : Nama nama indah allah, melihat allah, menghampiri allah dan menyantap jamuan keabadian aEnsiklopedia Al-Quran atext